World Student Games, Sheffield (Record no. 18200)
[ view plain ]
| 000 -LEADER | |
|---|---|
| fixed length control field | 00973cab a2200217 4500 |
| 001 - CONTROL NUMBER | |
| control field | ABS40928 |
| 008 - FIXED-LENGTH DATA ELEMENTS--GENERAL INFORMATION | |
| fixed length control field | 090401t1989 xxu||||| |||| 00| 0 eng d |
| 035 ## - SYSTEM CONTROL NUMBER | |
| System control number | (Sirsi) u27021 |
| 041 ## - LANGUAGE CODE | |
| Language code of text/sound track or separate title | eng |
| 100 ## - MAIN ENTRY--PERSONAL NAME | |
| Personal name | Weatherhead, P. |
| 245 ## - TITLE STATEMENT | |
| Title | World Student Games, Sheffield |
| 260 ## - PUBLICATION, DISTRIBUTION, ETC. | |
| Date of publication, distribution, etc. | 1989 |
| 350 ## - PRICE (NR) (BK AM CF MU VM SE) [OBSOLETE] | |
| Price | 0 |
| 490 ## - SERIES STATEMENT | |
| Series statement | Building |
| Volume/sequential designation | 254(7604) 30 June 1989, 42-54(11) |
| 520 ## - SUMMARY, ETC. | |
| Summary, etc. | Examines the twofold benefit to Sheffield of hosting the World Student Games in 1991. It will not only give the city the best collection of sports facilities in the country including the Don Valley Athletics Stadium, Hillsborough Leisure Centre and Don Valley Arena and Velodrome but also brings investment for a massive urban regeneration programme. The article looks in particular at the construction of the Ponds Forge Swimming and Leisure Complex. |
| 650 ## - SUBJECT ADDED ENTRY--TOPICAL TERM | |
| Topical term or geographic name entry element | LEISURE |
| 690 ## - LOCAL SUBJECT ADDED ENTRY--TOPICAL TERM (OCLC, RLIN) | |
| Topical term or geographic name as entry element | BUILDING AND CONSTRUCTION-PROJECTS |
| 700 ## - ADDED ENTRY--PERSONAL NAME | |
| Personal name | Ridout, G. |
| 942 ## - ADDED ENTRY ELEMENTS (KOHA) | |
| Suppress in OPAC | 0 |
| 948 ## - LOCAL PROCESSING INFORMATION (OCLC); SERIES PART DESIGNATOR (RLIN) | |
| c (OCLC) | 04/03/1997 |
| Withdrawn status | Lost status | Source of classification or shelving scheme | Damaged status | Not for loan | Home library | Current library | Shelving location | Date acquired | Total Checkouts | Full call number | Barcode | Date last seen | Copy number | Price effective from | Koha item type |
|---|---|---|---|---|---|---|---|---|---|---|---|---|---|---|---|
| Dewey Decimal Classification | London | London | Journal article | 14/09/1999 | ABS40928 | 27021-1001 | 06/08/2019 | 1 | 06/08/2019 | Journal article |